000 00331 a2200157 4500
001 178986
020 _a
040 _cMagnum
100 _aMartho, Gilberto
240 1 0 _aPequenos seres vivos
_lpor
245 1 0 _aPequenos seres vivos
362 0 _a1899
440 1 _aÁtica
697 _aMAGNITO: PARADIDATICOS
942 _cBK
999 _c178986
_d178986